01602nam a2200265Ia 4500001000600000003000900006008004100015040001300056040001300069041001300082100002300095100002900118245008100147245008100228250001100309260001200320260002900332260004900361300004400410500076500454650003701219650003101256700002001287700002901307D5349IT-RoPAU130308s9999 xx 000 0 und d aIT-RoPAU cIT-RoPAU aITALIANO aDenzinger Heinrich gCodice Aut. SPICS: 45373 aEnchiridion symbolorum definitionum et declarationum de rebus fidei et morum bEnchiridion Symbolorum Definitionum et Declarationum de Rebus fidei et Morum a1a ed. aBOLOGNA bEDB - Edizioni Dehoniane c1995 [1° Ed.:1995 - Ed.Ling.Originale:1991] a"2298 p. (prefazione: 68; testo: 2230)" a"Testi dei Simboli, Definizioni e Dichiarazioni del Magistero Ecclesiasticoin materia di fede e Morale. Edizione bilingue in Italiano e Latino. versione Dalla Xxxvii Edizione tedesca a cura di Peter Hunermann. Edizione Originale del 1854. professioni di fede semplici e Composte. Formule Occidentali: Simbolo Apostolico, Formule brevi D'Interrogazione del Simbolo Battesimale. Formule Orientali: Simboli Locali, Simboli contenuti in raccolte Orientali di Canoni. Documentari del Magistero della Chiesa Dalla lettera Ai Corinzi (96 D.C.) di Clemente romano Alla ""Christifideles Laici"" di Giovanni Paolo Ii del 30 Dicembre 1988. indice Sistematico. indice Biblico. indice dei Documenti. indice di Persone e Temi. tavola delle Concordanze dei Numeri Marginali." aTESTI DI DOCUMENTI ECCLESIASTICI eCodice materia Spics: 9101 aHunermann Peter gCodice Aut. SPICS: 45374